The EARTH (Record no. 4503)

MARC details
000 -LEADER
fixed length control field 00275nam a22001217a 4500
008 - FIXED-LENGTH DATA ELEMENTS--GENERAL INFORMATION
fixed length control field 251118b |||||||| |||| 00| 0 eng d
100 ## - MAIN ENTRY--AUTHOR
Author Beiser,Author
245 ## - TITLE STATEMENT
Title The EARTH
260 ## - PUBLICATION, DISTRIBUTION, ETC. (IMPRINT)
Place of publication NewYork
Name of publisher Time Life Books
Date of publication 1971
300 ## - COLLATION
Pagination 192p.
942 ## - ADDED ENTRY ELEMENTS (KOHA)
Item type Books
050 ## - LIBRARY OF CONGRESS CALL NUMBER
Classification number G1
Item number .B35
Holdings
Source of classification or shelving scheme Not for loan Permanent location Current location Date acquired Accession No. Full call number Barcode. Koha item type
Library of Congress Classification   Samuel Ogbemudia Main Library, University of Abuja Environmental Sciences Library 11/18/2025 2025/65058 G1 .B35 2025-3290 Books